|
|
|
|
| LEADER |
01460nam a22003734a 4500 |
| 001 |
EBC202363 |
| 003 |
MiAaPQ |
| 005 |
20200520144314.0 |
| 006 |
m o d | |
| 007 |
cr cn||||||||| |
| 008 |
000810s2001 enka sb 001 0 eng |
| 010 |
|
|
|z 00063071
|
| 020 |
|
|
|z 0521782236 (hbk.)
|
| 020 |
|
|
|z 0521004268 (pbk.)
|
| 035 |
|
|
|a (MiAaPQ)EBC202363
|
| 035 |
|
|
|a (Au-PeEL)EBL202363
|
| 035 |
|
|
|a (CaPaEBR)ebr10014942
|
| 035 |
|
|
|a (CaONFJC)MIL15476
|
| 035 |
|
|
|a (OCoLC)437063519
|
| 040 |
|
|
|a MiAaPQ
|c MiAaPQ
|d MiAaPQ
|
| 050 |
|
4 |
|a HF1413
|b .B84 2001
|
| 082 |
0 |
4 |
|a 382/.3/091724
|2 21
|
| 100 |
1 |
|
|a Buffie, Edward F.
|
| 245 |
1 |
0 |
|a Trade policy in developing countries
|h [electronic resource] /
|c Edward F. Buffie.
|
| 260 |
|
|
|a Cambridge ;
|a New York :
|b Cambridge University Press,
|c 2001.
|
| 300 |
|
|
|a vi, 400 p. :
|b ill.
|
| 504 |
|
|
|a Includes bibliographical references (p. 374-394) and index.
|
| 533 |
|
|
|a Electronic reproduction. Ann Arbor, MI : ProQuest, 2015. Available via World Wide Web. Access may be limited to ProQuest affiliated libraries.
|
| 650 |
|
0 |
|a Free trade
|z Developing countries
|x Econometric models.
|
| 650 |
|
0 |
|a Investments, Foreign
|z Developing countries
|x Econometric models.
|
| 651 |
|
0 |
|a Developing countries
|x Commercial policy
|x Econometric models.
|
| 655 |
|
4 |
|a Electronic books.
|
| 710 |
2 |
|
|a ProQuest (Firm)
|
| 856 |
4 |
0 |
|u https://ebookcentral.proquest.com/lib/matrademy/detail.action?docID=202363
|z Click to View
|